000
00232 a2200097 4500
001
13364
100
_a
Ball, W.M
245
_a
Nationalism communism in east asia
260
_a
Victoria
_b
Melbourne university
_c
090
_c
10380
_d
10380
942
_a
NUST-CAE
_c
M
_c
426
999
_c
248437
_d
248437